Statystyki dla Stolice Afryki

Kliknij tutaj aby rozwiązać quiz!

Ogólne statystyki

  • Ten quiz został rozwiązany 38 razy
  • Średni wynik to 28 z 54

Statystyki odpowiedzi

HintOdpowiedź% Poprawnych
AlgieriaAlgier
100%
EgiptKair
95%
Republika Południowej AfrykiPretoria/Kapsztad/Bloemfontein
76%
AngolaLuanda
71%
MarokoRabat
71%
TunezjaTunis
67%
EtiopiaAddis Abeba
62%
SudanChartum
62%
SenegalDakar
62%
DżibutiDżibuti
62%
Demokratyczna Republika KongaKinszasa
62%
SomaliaMogadiszu
62%
KeniaNairobi
62%
Burkina FasoWagadugu
62%
GhanaAkra
57%
MadagaskarAntananarywa
57%
ErytreaAsmara
57%
Gwinea BissauBissau
57%
KongoBrazzaville
57%
CzadNdżamena
57%
NigerNiamey
57%
LibiaTrypolis
57%
NigeriaAbudża
52%
TanzaniaDodoma
52%
BotswanaGaborone
52%
ZimbabweHarare
52%
UgandaKampala
52%
BeninPorto-Novo
52%
NamibiaWindhuk/Windhoek
52%
GambiaBandżul
48%
Sierra LeoneFreetown
48%
BurundiGitega
48%
KamerunJaunde
48%
RwandaKigali
48%
MauritiusPort Louis
48%
Wyspy Świętego Tomasza i KsiążęcaSao Tome
48%
Sudan PołudniowyDżuba
43%
GwineaKonakry
43%
TogoLome
43%
ZambiaLusaka
43%
LiberiaMonrovia
43%
Republika Zielonego PrzylądkaPraia
43%
SeszeleVictoria
43%
MaliBamako
38%
Republika ŚrodkowoafrykańskaBangi
38%
GabonLibreville
38%
MalawiLilongwe
38%
MozambikMaputo
38%
MauretaniaNawakszut
38%
LesothoMaseru
33%
KomoryMoroni
33%
Wybrzeże Kości SłoniowejJamusukro
29%
Gwinea RównikowaMalabo
29%
EswatiniMbabane
29%

Rozkład punktacji

Percentyl według liczby udzielonych odpowiedzi

Procent ludzi z każdym wynikiem

Twoja historia wyników

Nie rozwiązałeś tego quizu